ARRUPE JESUIT UNIVERSITY

CORONAVIRUS -STOP THE SPREAD - CLEAN,DISINFECT,COVER
Normal view MARC view

Entry Genre/Form Term

Number of records used in: 4

001 - CONTROL NUMBER

  • control field: 9956

003 - CONTROL NUMBER IDENTIFIER

  • control field: ARRUPE

005 - DATE AND TIME OF LATEST TRANSACTION

  • control field: 20140423141221.0

008 - FIXED-LENGTH DATA ELEMENTS

  • fixed length control field: 140423|| aca||aabn | a|a d

040 ## - CATALOGING SOURCE

  • Original cataloging agency: ARRUPE
  • Transcribing agency: ARRUPE

155 ## - HEADING--GENRE/FORM TERM

  • Genre/form term: Bildungsromans.

670 ## - SOURCE DATA FOUND

  • Source citation: Work cat.: (ARRUPE)0: Adichie, Chimamanda Ngozi, 1977- 9953, The thing around your neck /, c2009.

 

Arrupe Library. PO Box MP320 Mt Pleasant, Harare, Zimbabwe
263 242 745411|librarian@aju.ac.zw